30 biggest cities in Maryland - Statistics

General Stats
  • This quiz has been taken 101 times
  • The average score is 10 of 30
Answer Stats
Population City % Correct
565,239 Baltimore
99%
40,552 Annapolis
88%
85,793 Frederick
79%
69,563 Gaithersburg
70%
43,553 Hagerstown
70%
67,297 Rockville
70%
33,159 Salisbury
61%
18,751 Cumberland
57%
34,187 College Park
52%
57,254 Bowie
49%
29,400 Laurel
48%
10,490 Bel Air
39%
18,006 Aberdeen
36%
15,032 Havre de Grace
36%
24,360 Greenbelt
33%
17,464 Takoma Park
31%
6,963 Frostburg
24%
20,662 Hyattsville
21%
20,536 Westminster
21%
9,889 Mount Airy
12%
13,176 Cambridge
10%
13,405 New Carrollton
10%
10,878 La Plata
7%
9,446 Bladensburg
4%
8,309 Brunswick
3%
8,119 Mount Rainier
1%
7,400 Taneytown
1%
17,225 Easton town
0%
15,968 Elkton town
0%
7,164 Riverdale Park
0%
No matching quizzes found
Score Distribution
Percent of People with Each Score
Percentile by Number Answered
Your Score History
You have not taken this quiz